Academy Award for Best Picture Winners (Complete) - Statistics

General Stats
  • This quiz has been taken 98 times
  • The average score is 66 of 97
Answer Stats
Year Director Starring Answer % Correct
2003 Peter Jackson Elijah WoodIan McKellen The Lord of the Rings: The Return of the King
95%
1997 James Cameron Leonardo DiCaprioKate Winslet Titanic
95%
1994 Robert Zemeckis Tom HanksRobin Wright Forrest Gump
94%
2000 Ridley Scott Russell CroweJoaquin Phoenix Gladiator
94%
1972 Francis Ford Coppola Marlon BrandoAl Pacino The Godfather
94%
2023 Christopher Nolan Cillian MurphyEmily Blunt Oppenheimer
92%
1976 John G. Avildsen Sylvester StalloneTalia Shire Rocky
92%
1974 Francis Ford Coppola Al PacinoRobert Duvall The Godfather Part II
92%
1991 Jonathan Demme Jodie FosterAnthony Hopkins The Silence of the Lambs
92%
2007 The Coen Brothers Tommy Lee JonesJavier Bardem No Country for Old Men
91%
1995 Mel Gibson Mel GibsonSophie Marceau Braveheart
89%
2022 Daniel Kwan & Daniel Scheinert Michelle YeohKe Huy Quan Everything Everywhere All at Once
88%
2004 Clint Eastwood Clint EastwoodHilary Swank Million Dollar Baby
88%
1975 Miloš Forman Jack NicholsonLouise Fletcher One Flew Over the Cuckoo's Nest
88%
2019 Bong Joon Ho Song Kang-hoLee Sun-kyun Parasite
88%
1993 Steven Spielberg Liam NeesonBen Kingsley Schindler's List
88%
2017 Guillermo del Toro Sally HawkinsMichael Shannon The Shape of Water
88%
1999 Sam Mendes Kevin SpaceyAnnette Bening American Beauty
86%
1939 Victor Fleming Clark GableVivien Leigh Gone with the Wind
85%
1988 Barry Levinson Dustin HoffmanTom Cruise Rain Man
85%
2008 Danny Boyle Dev PatelFreida Pinto Slumdog Millionaire
85%
2024 Sean Baker Mikey MadisonYura Borisov Anora
83%
1990 Kevin Costner Kevin CostnerMary McDonnell Dances With Wolves
83%
2018 Peter Farrelly Viggo MortensenMahershala Ali Green Book
83%
1998 John Madden Gwyneth PaltrowJoseph Fiennes Shakespeare in Love
83%
2006 Martin Scorsese Leonardo DiCaprioMatt Damon The Departed
83%
2013 Steve McQueen Chiwetel EjioforMichael Fassbender 12 Years a Slave
82%
2014 Alejandro G. Iñárritu Michael KeatonZach Galifianakis Birdman (The Unexpected Virtue of Ignorance)
82%
2002 Rob Marshall Renee ZellwegerCatherine Zeta-Jones Chicago
82%
1989 Bruce Beresford Morgan FreemanJessica Tandy Driving Miss Daisy
82%
1982 Richard Attenborough Ben KingsleyCandice Bergen Gandhi
82%
2001 Ron Howard Russell CroweEd Harris A Beautiful Mind
80%
1977 Woody Allen Woody AllenDiane Keaton Annie Hall
80%
2010 Tom Hooper Colin FirthGeoffrey Rush The King's Speech
80%
1965 Robert Wise Julie AndrewsChristopher Plummer The Sound of Music
80%
1992 Clint Eastwood Clint Eastwood Gene Hackman Unforgiven
80%
2016 Barry Jenkins Trevante RhodesMahershala Ali Moonlight
78%
1984 Miloš Forman F. Murray AbrahamTom Hulce Amadeus
77%
2012 Ben Affleck Ben AffleckBryan Cranston Argo
77%
2020 Chloé Zhao Frances McDormandDavid Strathairn Nomadland
77%
1986 Oliver Stone Willem DafoeCharlie Sheen Platoon
77%
1943 Michael Curtiz Humphrey BogartIngrid Bergman Casablanca
75%
1996 Anthony Minghella Ralph FiennesJuliette Binoche The English Patient
75%
1970 Franklin J. Schaffner George C. ScottKarl Malden Patton
74%
2011 Michel Hazanavicius Jean DujardinBerenice Bejo The Artist
74%
2009 Kathryn Bigelow Jeremy RennerAnthony Mackie The Hurt Locker
74%
1979 Robert Benton Dustin HoffmanMeryl Streep Kramer vs. Kramer
72%
1978 Michael Cimino Robert De NiroJohn Cazale The Deer Hunter
72%
1959 William Wyler Charlton HestonJack Hawkins Ben-Hur
71%
2021 Sian Heder Emilia JonesTroy Kotsur CODA
71%
2005 Paul Haggis Sandra BullockDon Cheadle Crash
71%
1954 Elia Kazan Marlon BrandoKarl Malden On the Waterfront
71%
2015 Tom McCarthy Mark RuffaloMichael Keaton Spotlight
71%
1962 David Lean Alec GuinnessAnthony Quinn Lawrence of Arabia
69%
1985 Sydney Pollack Robert RedfordMeryl Streep Out of Africa
69%
1961 Robert Wise & Jerome Robbins Natalie WoodRichard Beymer West Side Story
68%
1957 David Lean William HoldenAlec Guinness The Bridge on the River Kwai
66%
1971 William Friedkin Gene HackmanFernando Rey The French Connection
66%
1927/28 William A. Wellman Clara BowCharles "Buddy" Rogers" Wings
66%
1973 George Roy Hill Paul NewmanRobert Redford The Sting
65%
1948 Laurence Olivier Laurence Olivier Hamlet
63%
1969 John Schlesinger Jon VoightDustin Hoffman Midnight Cowboy
63%
1983 James L. Brooks Debra WingerShirley MacLaine Terms of Endearment
62%
1960 Billy Wilder Jack LemmonShirley MacLaine The Apartment
62%
1981 Hugh Hudson Ben CrossIan Charleston Chariots of Fire
60%
1967 Norman Jewison Sidney PoitierRod Steiger In the Heat of the Night
60%
1950 Joseph L. Mankiewicz Bette DavisAnne Baxter All About Eve
58%
1980 Robert Redford Donald SutherlandMary Tyler Moore Ordinary People
58%
1987 Bernardo Bertolucci John LoneJoan Chen The Last Emperor
57%
1964 George Cukor Audrey HepburnRex Harrison My Fair Lady
55%
1940 Alfred Hitchcock Laurence OlivierJoan Fontaine Rebecca
55%
1929/30 Lewis Milestone Lew AyresLouis Wolheim All Quiet on the Western Front
54%
1968 Carol Reed Ron MoodyOliver Reed Oliver!
54%
1934 Frank Capra Clark GableClaudette Colbert It Happened One Night
52%
1951 Vincente Minnelli Gene KellyLeslie Caron An American in Paris
51%
1955 Delbert Mann Ernest BorgnineBetsy Blair Marty
48%
1958 Vincente Minnelli Leslie CaronMaurice Chevalier Gigi
46%
1931/32 Edmund Goulding Greta GarboJohn Barrymore Grand Hotel
46%
1946 William Wyler Myrna LoyFredric March The Best Years of Our Lives
46%
1952 Cecil B. DeMille Betty HuttonCornel Wilde The Greatest Show on Earth
46%
1963 Tony Richardson Albert FinneySusannah York Tom Jones
46%
1930/31 Wesley Ruggles Richard DixIrene Dunne Cimarron
45%
1953 Fred Zinnemann Burt LancasterMontgomery Clift From Here to Eternity
45%
1941 John Ford Walter PidgeonMaureen O'Hara How Green Was My Valley
45%
1928/29 Harry Beaumont Charles KingAnita Page The Broadway Melody
45%
1956 Michael Anderson David NivenCantinflas Around the World in 80 Days
43%
1947 Elia Kazan Gregory PeckDorothy McGuire Gentleman's Agreement
43%
1945 Billy Wilder Ray MillandJane Wyman The Lost Weekend
43%
1949 Robert Rossen Broderick CrawfordJoanne Dru All the King's Men
42%
1966 Fred Zinnemann Paul ScofieldWendy Hiller A Man for All Seasons
42%
1932/33 Frank Lloyd Diana WynyardClive Brook Cavalcade
42%
1942 William Wyler Greer GarsonWalter Pidgeon Mrs. Miniver
42%
1944 Leo McCarey Bing CrosbyBarry Fitzgerald Going My Way
40%
1935 Frank Lloyd Charles LaughtonClark Gable Mutiny on the Bounty
40%
1938 Frank Capra Jean ArthurLionel Barrymore You Can't Take It with You
40%
1936 Robert Z. Leonard William PowellMyrna Loy The Great Ziegfeld
38%
1937 William Dieterle Paul MuniGloria Holden The Life of Emile Zola
35%
No matching quizzes found
Score Distribution
Percent of People with Each Score
Percentile by Number Answered
Your Score History
You have not taken this quiz